La letra menuda del TLC / (Registro nro. 49340)

Detalles MARC
000 -LEADER
fixed length control field 01017nam a2200289 4500
001 - CONTROL NUMBER
control field 0000022648
003 - CONTROL NUMBER IDENTIFIER
control field CO-CtgCURN
005 - DATE AND TIME OF LATEST TRANSACTION
control field 20250730205956.0
008 - FIXED-LENGTH DATA ELEMENTS--GENERAL INFORMATION
fixed length control field 160627s2007 000 0 eng d
020 ## - INTERNATIONAL STANDARD BOOK NUMBER
International Standard Book Number 9789589825914
040 ## - CATALOGING SOURCE
Original cataloging agency CO-CtgCURN
Language of cataloging spa
Transcribing agency coctgcurn
082 0# - DEWEY DECIMAL CLASSIFICATION NUMBER
Classification number 382.9861
Item number M67l
100 1# - MAIN ENTRY--PERSONAL NAME
Personal name Moreno Piraquive, Alexandra.
245 13 - TITLE STATEMENT
Title La letra menuda del TLC /
Statement of responsibility, etc. Alexandra Moreno Piraquive.
260 ## - PUBLICATION, DISTRIBUTION, ETC.
Place of publication, distribution, etc. Bogotá :
Name of publisher, distributor, etc. Gew Ltda,
Date of publication, distribution, etc. 2007.
300 ## - PHYSICAL DESCRIPTION
Extent 428 p.
336 ## - CONTENT TYPE
Source rdacontent
337 ## - MEDIA TYPE
Source rdamedia
Media type term sin mediacion
Media type code n
338 ## - CARRIER TYPE
Source rdacarrier
Carrier type term volumen
Carrier type code nc
500 ## - GENERAL NOTE
General note Incluye Anexos\Glosario\siglas y acronimos.
504 ## - BIBLIOGRAPHY, ETC. NOTE
Bibliography, etc. note Bibliografia(p. 371-373)
505 8# - FORMATTED CONTENTS NOTE
Formatted contents note Mexico y el NAFTA.--TLC chile- Estados Unidos.--Acuerdo CAN-Mercosur.--TLC Colombia-Estados Unidos.--Introducción al derecho Estadounidense
650 #0 - SUBJECT ADDED ENTRY--TOPICAL TERM
Topical term or geographic name entry element Mercosur.
908 ## - PUT COMMAND PARAMETER (RLIN)
Put command parameter 160627
942 ## - ADDED ENTRY ELEMENTS (KOHA)
Koha item type Libros
Classification part 382.9861
Item part M67l
Source of classification or shelving scheme Dewey Decimal Classification
999 ## - SYSTEM CONTROL NUMBERS (KOHA)
-- 1
Existencias
Withdrawn status Lost status Source of classification or shelving scheme Damaged status Not for loan Home library Current library Shelving location Date acquired Total checkouts Full call number Barcode Date last seen Price effective from Koha item type
    Dewey Decimal Classification     Miguel Henríquez Castañeda Miguel Henríquez Castañeda General 03/04/2019   382.9861 M67l 010909 03/04/2019 03/04/2019 Libros